000 00900cab a2200205 4500
001 ABS42005
008 090401t1990 xxu||||| |||| 00| 0 eng d
035 _a(Sirsi) u33996
041 _aeng
100 _aSmithers, T.
245 _aDisturbance compensation - community charge and non-domestic rating
260 _c1990
350 _a0
490 _aEstates Gazette
_v9003 20 January 1990, 26-28(2)
520 _aDiscussion of the provisions of Landlord and Tenant Act 1954 s37 , relating to disturbance compensation to outgoing tenants, as amended by the Local Government and Housing Act 1989 . Detailed examination is made of the new non-domestic rating legislation and the Local Government and Housing Act. Advice is given to landlords and tenants.
650 _aLANDLORD AND TENANT ACT 1954 S37
690 _aLANDLORD AND TENANT-BUSINESS TENANCIES
942 _n0
948 _c04/03/1997
999 _c22581
_d22581